Biggest Cities of the Midwestern United States in 1850 with a Map - Statistics

General Stats
  • This quiz has been taken 623 times
  • The average score is 32 of 100
Answers on the Map
Answers color-coded by a green-red scale on the quiz's map according to % correct below.
 
Answer Stats
Population State City % Correct
29,963 IL Chicago
98%
115,435 OH Cincinnati
96%
21,019 MI Detroit
96%
17,034 OH Cleveland
95%
17,882 OH Columbus
94%
8,091 IN Indianapolis
94%
20,061 WI Milwaukee
94%
77,860 MO St. Louis
94%
2,529 MO Kansas City
84%
3,829 OH Toledo
84%
5,108 OH Springfield
83%
4,533 IL Springfield
83%
3,266 OH Akron
80%
2,200 WI Green Bay
79%
10,977 OH Dayton
75%
2,686 MI Grand Rapids
74%
4,282 IN Fort Wayne
69%
2,868 MI Ann Arbor
68%
8,012 IN Madison
67%
1,670 MI Flint
61%
2,301 MO Jefferson City
60%
5,095 IL Peoria
57%
3,235 IN Evansville
55%
2,802 OH Youngstown
55%
1,848 IA Davenport
54%
3,455 WI Kenosha
53%
2,093 IL Rockford
49%
2,262 IA Iowa City
48%
2,507 MI Kalamazoo
45%
2,659 IL Joliet
44%
2,603 OH Canton
41%
3,108 IA Dubuque
41%
5,107 WI Racine
40%
1,954 IN Aurora
38%
6,129 IN Lafayette
35%
4,051 IN Terre Haute
35%
5,087 OH Sandusky
33%
3,460 MO St. Joseph
33%
2,949 IL Waukegan
27%
2,000 IA Kanesville
26%
2,451 WI Janesville
25%
2,000 OH Warren
25%
2,363 MI Jackson
23%
1,711 IL Rock Island
23%
1,732 WI Beloit
21%
2,014 WI Fond du Lac
21%
6,902 IL Quincy
21%
3,210 OH Hamilton
20%
7,299 OH Zanesville
20%
2,020 OH Urbana
18%
3,557 OH Mansfield
17%
2,000 MI Ypsilanti
17%
2,813 MI Monroe
16%
3,024 OH Xenia
16%
7,100 OH Chillicothe
15%
2,020 MO Hannibal
15%
1,681 MI Pontiac
15%
4,082 IA Burlington
14%
6,004 IL Galena
14%
6,140 OH Steubenville
14%
1,956 OH Troy
14%
2,122 IN Jeffersonville
13%
8,181 IN New Albany
13%
3,654 OH Newark
13%
4,011 OH Portsmouth
12%
3,585 IL Alton
11%
2,132 IL St. Charles
11%
2,478 IA Keokuk
10%
3,483 OH Lancaster
10%
2,698 MO Lexington
10%
3,175 OH Marietta
10%
2,070 IN Vincennes
10%
2,074 OH Delaware
9%
2,540 IA Muscatine
9%
2,000 MI Niles
9%
2,941 IL Belleville
8%
2,745 IL Jacksonville
7%
2,797 OH Wooster
7%
2,219 MI Adrian
6%
3,411 OH Circleville
6%
2,251 IN Logansport
6%
3,000 OH Massillon
6%
2,219 IL Ottawa
6%
1,678 IL Pekin
6%
1,824 IN La Porte
5%
1,911 IL LaSalle
5%
2,088 OH Lebanon
5%
1,972 MI Marshall
5%
3,711 OH Mount Vernon
5%
3,277 OH Piqua
5%
2,718 OH Tiffin
5%
2,315 OH Bucyrus
4%
1,686 OH Gallipolis
4%
2,651 IN Lawrenceburg
4%
2,326 MO Boonville
3%
1,670 MI Tecumseh
3%
2,200 IN Cannelton
2%
1,780 OH Ripley
2%
1,915 MO Weston
2%
2,000 OH New Richmond
1%
No matching quizzes found
Score Distribution
Percent of People with Each Score
Percentile by Number Answered
Your Score History
You have not taken this quiz